[Event "Linares-03"]
[Site "Linares"]
[Date "1981.01.28"]
[Round "9"]
[White "Christiansen, Larry Mark"]
[Black "Larsen, Bent"]
[Result "1/2-1/2"]
[WhiteElo "2515"]
[BlackElo "2610"]
[Annotator "Kharitonov,A"]
[PlyCount "119"]
[EventDate "1981.01.17"]
[EventType "tourn"]
[EventRounds "11"]
[EventCountry "ESP"]
[EventCategory "13"]
[SourceTitle "MCL"]
[Source "ChessBase"]
[SourceDate "1999.07.01"]
[SourceVersion "1"]
[SourceVersionDate "1999.07.01"]
[SourceQuality "1"]

1. d4 Nf6 2. c4 e6 3. Nf3 Bb4+ 4. Bd2 a5 5. g3 O-O 6. Bg2 Be7 (6... d5 7. Qc2
Be7 $5 8. O-O Nc6 9. a3 Ne4 10. Rd1 f5 11. Nc3 Bf6 12. Be3 Ne7 13. Ne5 c6 $14 {
Pinter,J-Larsen,B/Las Palmas(izt)/1982/1:0 (38) Inf 34/588/}) 7. O-O d5 8. Qc2
c6 (8... Nc6 $5) 9. Bg5 (9. Bf4 $5 Nbd7 10. Nbd2 Nh5 11. Be3 f5 $13) 9... Nbd7
10. cxd5 $6 (10. Nbd2 $5 h6 11. Bxf6 Nxf6 12. e4 dxe4 13. Nxe4 $14) 10... exd5
11. Nc3 Re8 $10 12. a3 (12. Ne5 $2 Nxe5 13. dxe5 Ng4 14. Bf4 Bf8 $17) 12... h6
(12... Nf8 13. Bxf6 Bxf6 14. b4 $14) (12... Ne4 $5 13. Bxe7 Qxe7 14. e3 $10)
13. Bxf6 Nxf6 14. Ne5 (14. Rab1 Bd6 15. b4 Qe7 $13) 14... Bd6 15. f4 Be6 16.
Kh1 Qc8 17. f5 Bd7 18. Nxd7 Qxd7 19. e4 $8 (19. Qd2 Qe7 $17) 19... dxe4 20.
Nxe4 Nd5 $1 $15 (20... Nxe4 21. Bxe4 Be7 22. Rad1 Bf6 23. d5 $10) 21. Rae1 Bf8
22. Qb3 (22. f6 $6 g6) 22... Qc7 23. Nc5 (23. Nc3 Ne3 24. Rf3 Nxg2 25. Rxe8
Rxe8 26. Kxg2 Re1 $15) 23... Bxc5 24. dxc5 Nf6 25. Qc3 Rxe1 26. Rxe1 Rd8 27. b4
axb4 28. axb4 Qd7 (28... Rd7 $5 {/\Qd8,Rd3=/+/}) 29. Qc2 Qd4 30. b5 $1 Ng4 (
30... Qb4 31. Rb1) (30... cxb5 31. Bxb7 $13) 31. h3 Ne5 (31... Nf2+ 32. Kh2 Nd3
$2 33. Rd1 $16) (31... Ne3 32. Qf2 $8 Nxg2 33. Qxd4 Rxd4 34. Kxg2 Rd5 (34...
cxb5 35. Re8+ Kh7 36. Re7 $10) 35. Re8+ Kh7 36. Re7 $10) 32. bxc6 bxc6 33. f6
$5 (33. Qe2 f6 $17) 33... gxf6 (33... g6 34. Kh2 $13) (33... Nd3 $5 34. Rf1
gxf6 35. Bxc6 Nxc5 36. Bg2 Kg7 $15) 34. Qf5 Kg7 35. Rf1 Ng6 36. Bxc6 Ne7 37.
Qf3 Nxc6 38. Qxc6 Rd5 39. Qe8 (39. Rc1 Qe4+ $19) 39... Rxc5 40. Qe2 h5 41. h4
$10 Rc3 42. Kh2 Qc5 43. Rd1 Qe5 (43... Rc2 44. Rd2 Rxd2 45. Qxd2 $10) 44. Qf2
Rc4 45. Kg2 Re4 46. Rd2 f5 47. Qf3 Kg6 (47... f4 48. Rf2 $10) 48. Rf2 Re3 (
48... Rg4 49. Qd3 Qe4+ 50. Qf3 $10) 49. Qf4 Qe4+ 50. Kh2 f6 51. Qb8 $1 Qd5 52.
Rg2 Re4 53. Qc8 Kf7 54. Qh8 Kg6 55. Qc8 Re7 56. Rf2 Ra7 57. Qe8+ Kg7 58. Qxh5
Ra1 59. Qf3 Qe4 60. Qxe4 (60. Qxe4 fxe4 61. Re2 Ra4 62. g4 $10) 1/2-1/2

[Event "Olympiad-32"]
[Site "Yerevan"]
[Date "1996.09.19"]
[Round "4.1"]
[White "Temirbayev, Serikbay"]
[Black "Franzoni, Giancarlo"]
[Result "1-0"]
[WhiteElo "2480"]
[BlackElo "2460"]
[Annotator "Kharitonov,A"]
[PlyCount "125"]
[EventDate "1996.09.15"]
[EventType "team-swiss"]
[EventRounds "14"]
[EventCountry "ARM"]
[SourceTitle "CBM 055"]
[Source "ChessBase"]
[SourceDate "1996.12.01"]
[SourceVersion "1"]
[SourceVersionDate "1996.12.01"]
[SourceQuality "1"]
[WhiteTeam "Kazakhstan"]
[BlackTeam "Switzerland"]
[WhiteTeamCountry "KAZ"]
[BlackTeamCountry "SUI"]

1. c4 e6 2. d4 Nf6 3. Nf3 Bb4+ 4. Bd2 Bxd2+ 5. Qxd2 O-O 6. Nc3 d5 7. e3 Qe7 8.
Qc2 $5 {N/} (8. Bd3 dxc4 9. Bxc4 c5 10. O-O Nc6 11. Qe2 Rd8 12. Rad1 Bd7 13. a3
cxd4 $2 (13... Rac8 $1 14. d5 (14. Ba2 $5) 14... exd5 15. Nxd5 Nxd5 16. Bxd5
Be6 $10) 14. exd4 $1 Rac8 15. Rfe1 $14 {Notkin,M-Kholmov,R/Moscow/1995/0,5/43/}
) (8. a3 $5 Nbd7 9. Qc2 dxc4 10. Bxc4 c5 11. O-O Nb6 12. Ba2 cxd4 13. exd4 Bd7
14. Rfe1 Qd6 15. Rad1 Rac8 16. Rd3 $13 {Nikolic,P-Andersson,U/Wijk aan Zee/
1984/1|0/35/}) 8... Rd8 9. Be2 dxc4 10. Bxc4 c5 11. O-O cxd4 12. exd4 (12. Nxd4
Bd7 $22 13. Rad1 Nc6 $10) 12... Nc6 $6 (12... Nbd7 $22 13. Rad1 Nb6 14. Bb3 Bd7
$13) 13. Rad1 Bd7 14. Qe2 Rac8 15. a3 Be8 16. Rfe1 Qc7 17. Ba2 $6 (17. d5 $5
Na5 (17... exd5 18. Nxd5 Nxd5 19. Bxd5 $14) 18. Ba2 exd5 19. Nxd5 Nxd5 20. Bxd5
Bc6 21. Ba2 $14) 17... Ne7 $1 18. Ng5 Ned5 (18... h6 19. Nxe6 (19. Bxe6 hxg5
20. Bxc8 Nxc8 $17) 19... fxe6 20. Bxe6+ Bf7 21. Bxc8 Nxc8 $13) 19. Bxd5 exd5 $6
(19... Nxd5 $1 20. Qd3 Nf6 21. Nce4 Nxe4 22. Qxe4 Qc2 23. Rd3 g6 $13) 20. Nf3
$14 Bc6 21. Ne5 Re8 22. Qd2 (22. Qd3 Qb6 23. Re2 Ne4 $132) 22... Ne4 $1 (22...
Qb6 $2 23. f3 $16) 23. Nxe4 dxe4 24. Rc1 Qd8 (24... Qd6 25. Nc4 Qd7 26. Ne3 $14
) 25. Nxc6 bxc6 (25... Rxc6 26. Rxc6 bxc6 $10) 26. Rc5 Qf6 27. Qc3 Rcd8 28.
Rxc6 Qxd4 29. Qxd4 Rxd4 30. Ra6 Rd7 (30... Re7 $5 31. g4 f6 $10) 31. g4 g6 $6 (
31... f6 $22 32. Kg2 Kf7 $10) 32. Ra5 h6 33. h4 Re6 $6 (33... Ree7 $22 34. Kg2
Rd3 $132) 34. Re3 Kg7 35. b4 Rd1+ $6 36. Kg2 Rd7 37. g5 hxg5 38. hxg5 Rde7 39.
Kg3 f5 (39... Rc7 $5 40. Kf4 Rc2 41. f3 exf3 $1 42. Rxf3 $10 (42. Rxe6 f2 $19))
40. gxf6+ Rxf6 (40... Kxf6 $2 41. Kf4 $16) 41. f4 $1 Rf5 (41... Rd6 42. Re5
Rxe5 43. fxe5 Rd1 44. Kf4 $16) 42. Ra6 Rd5 $6 (42... Rf6 $10) 43. Rc6 Rd3 $2 (
43... Rd2 $5) 44. Rxd3 exd3 45. Rd6 Re3+ 46. Kf2 Rh3 (46... Re4 47. Kf3) 47.
Ra6 $16 Rh2+ 48. Ke3 d2 49. Rxa7+ Kf6 50. Rd7 Rh3+ 51. Kxd2 Rxa3 52. Rd3 Ra8
53. Kc3 (53. b5 Kf5 54. Rd4 Rb8 55. Rb4 $18) 53... Rb8 54. Rd4 Kf5 55. Kc4 Rc8+
56. Kd5 Rd8+ 57. Kc5 Rc8+ 58. Kb6 Rc1 59. b5 Rb1 60. Kc5 Ke6 61. b6 Rc1+ 62.
Rc4 Rb1 63. Kc6 1-0

[Event "Olympiad-32"]
[Site "Yerevan"]
[Date "1996.09.19"]
[Round "4.4"]
[White "Savchenko, Stanislav"]
[Black "Gostisa, Leon F"]
[Result "1-0"]
[WhiteElo "2580"]
[BlackElo "2405"]
[Annotator "Kharitonov,A"]
[PlyCount "59"]
[EventDate "1996.09.15"]
[EventType "team-swiss"]
[EventRounds "14"]
[EventCountry "ARM"]
[SourceTitle "CBM 055"]
[Source "ChessBase"]
[SourceDate "1996.12.01"]
[SourceVersion "1"]
[SourceVersionDate "1996.12.01"]
[SourceQuality "1"]
[WhiteTeam "Ukraine"]
[BlackTeam "Slovenia"]
[WhiteTeamCountry "UKR"]
[BlackTeamCountry "SLO"]

1. d4 Nf6 2. c4 e6 3. Nf3 Bb4+ 4. Nbd2 O-O 5. a3 Bxd2+ 6. Bxd2 d6 (6... Ne4 $5
7. Bf4 d6 $22 8. e3 b6 9. Bd3 Bb7) 7. Bg5 (7. g3 Ne4 (7... Nc6 8. Bc3 (8. Bg2
e5 9. d5 Ne7 10. O-O Ne4 $13) 8... Ne4 9. Rc1 e5 10. Bg2 Bg4 (10... exd4 11.
Nxd4 Re8 12. O-O (12. Nxc6 bxc6 13. O-O Rb8 14. b4 a5 $132) 12... Nxc3 13. Rxc3
Nxd4 14. Qxd4 Rxe2 15. c5 Be6 $10) 11. d5 Ne7 12. O-O f5 13. Nd2 Nxd2 14. Qxd2
f4 $132 {Watson,J-Yermolinsky,A/Reno/1994/}) 8. Bg2 Nd7 9. Be3 (9. O-O Qe7 10.
Rc1 f5 11. c5 $1 Ndf6 12. Ng5 Nxd2 13. Qxd2 e5 14. cxd6 cxd6 15. dxe5 dxe5 $13
{Lputian,S-Psahis,L/URS/1987/0|1/61/}) 9... f5 10. Qc2 Ndf6 11. Nd2 Nxd2 12.
Bxd2 Qe8 (12... e5 $5) 13. c5 $1 dxc5 14. dxc5 (14. Qxc5 $5 $14) 14... c6 15.
f4 e5 16. fxe5 Qxe5 17. Bf4 Qe6 18. O-O Re8 19. Rfe1 Qf7 20. Rad1 Be6 $10 {
Lutz,C-Benjamin,J/Horgen/1994/}) 7... Nbd7 8. e3 Re8 $5 {N/} (8... e5 9. Be2
$22 Qe8 10. Qc2 exd4 11. Nxd4 Ne4 12. Bh4 $16) 9. Be2 e5 (9... h6 10. Bh4 Nf8
11. Nd2 Ng6 12. Bg3 $14) 10. O-O Qe7 11. Rc1 Nf8 $6 (11... b6 $5 12. b4 c5 13.
dxc5 dxc5 14. Qb3 $14) (11... h6 12. Bh4 g5 $5 13. Bg3 Ne4 $132) 12. c5 $1 h6 (
12... exd4 13. cxd6 Qxd6 14. Nxd4 $16) (12... e4 13. cxd6 cxd6 14. Nd2 $16) 13.
cxd6 cxd6 14. Bxf6 $1 (14. Bh4 Ng6 15. Bg3 Ne4 $13) 14... Qxf6 15. dxe5 dxe5
16. Qa4 $14 Re7 (16... Bd7 17. Bb5 Bxb5 18. Qxb5 Re7 19. Rfd1 $14) 17. Qb4 $1
Re6 $2 (17... Bf5 $5 18. Rfd1 $14) 18. Rc7 $16 Rb6 19. Qc3 Bg4 20. h3 Be6 (
20... Bxf3 21. Bxf3 $16) 21. b4 $1 (21. Nxe5 $6 Rb3 22. Qd4 Rd8) 21... Ng6 22.
Rd1 Bf5 23. Qc5 Be4 24. b5 $18 Nh4 25. Nxh4 Qxh4 26. Qc4 $1 Rg6 (26... Rf6 27.
f3 $18) 27. Bg4 h5 (27... Rxg4 28. Qxf7+ Kh7 29. hxg4 Qxg4 30. f3 $18) 28.
Qxf7+ Kh8 29. Bf3 Rg8 30. Rc4 1-0

[Event "Lost Boys 5th"]
[Site "Antwerp"]
[Date "1997.??.??"]
[Round "4"]
[White "Piket, Jeroen"]
[Black "Sokolov, Ivan"]
[Result "1-0"]
[WhiteElo "2630"]
[BlackElo "2635"]
[Annotator "King,D"]
[PlyCount "77"]
[EventDate "1997.08.01"]
[EventType "tourn"]
[EventRounds "7"]
[EventCountry "BEL"]
[EventCategory "15"]
[SourceTitle "CBM 061"]
[Source "ChessBase"]
[SourceDate "1997.11.23"]
[SourceVersion "1"]
[SourceVersionDate "1997.11.23"]
[SourceQuality "1"]

{(f7)} 1. d4 Nf6 2. c4 e6 3. Nf3 Bb4+ 4. Bd2 c5 5. Bxb4 cxb4 6. g3 O-O 7. Bg2
Nc6 8. O-O d6 9. Nbd2 Qb6 10. e3 Bd7 11. h3 Rac8 12. g4 $5 h6 13. Qe2 a5 14.
Rfc1 Ne7 15. a3 bxa3 16. bxa3 Qa6 17. Rab1 Ng6 18. Rc2 Bc6 19. Rcb2 d5 20. g5
hxg5 21. Rb6 Qa8 22. Nxg5 {[%csl Rf7,Rh7][%cal Rg5f7,Rg5h7]} dxc4 23. Bxc6 Rxc6
24. Rxc6 bxc6 25. Qxc4 Rc8 26. Ndf3 Nd5 27. Ne5 {[%csl Rf7] A clever idea.
Black's kingside is ripped apart.} Nh4 (27... Nxe5 28. dxe5 {[%cal Rc4h4,Rh4h7]
}) 28. Ngxf7 c5 29. Nd6 Rd8 30. dxc5 Nxe3 31. Qxe6+ Kh7 32. c6 Rb8 33. Re1 Neg2
34. Ndf7 g6 35. Ng5+ Kg7 36. Qe7+ Kh6 37. Ng4+ Kh5 38. Qh7+ Kxg5 39. Qh6+ 1-0

[Event "Julian Borowski-B 3rd"]
[Site "Essen"]
[Date "2001.05.10"]
[Round "8"]
[White "Siebrecht, Sebastian"]
[Black "Naiditsch, Arkadij"]
[Result "0-1"]
[WhiteElo "2393"]
[BlackElo "2487"]
[Annotator "Konikowski,J"]
[PlyCount "160"]
[EventDate "2001.05.02"]
[EventType "tourn"]
[EventRounds "9"]
[EventCountry "GER"]
[EventCategory "9"]
[SourceTitle "CBM 083"]
[Source "ChessBase"]
[SourceDate "2001.07.05"]
[SourceVersion "1"]
[SourceVersionDate "2001.07.05"]
[SourceQuality "1"]

1. d4 Nf6 2. Nf3 e6 3. c4 Bb4+ 4. Bd2 Qe7 5. g3 Nc6 6. Bg2 Bxd2+ 7. Nbxd2 d6 8.
O-O a5 9. e4 e5 10. d5 Nb8 11. Qa4+ Nbd7 (11... Bd7 12. Qa3 O-O 13. Ne1 c6 14.
f4 cxd5 15. fxe5 Nxe4 16. Nxe4 dxe4 17. Qxd6 Qxd6 18. exd6 f5 19. Nc2 Ra6 20.
Rad1 b5 21. b3 bxc4 22. bxc4 Ba4 23. Rf2 Rc6 24. Rd4 Bxc2 25. Rxc2 Nd7 $13 {
Cooper,J-Kosten,A/England 1998/}) 12. b4 Ra6 13. bxa5 O-O 14. Qb4 $146 {
[%mdl 8]} (14. Qc2 Rxa5 15. Nb3 Ra8 16. a4 Nb8 17. Ne1 Bd7 18. a5 c6 {1/2-1/2
Barczay,L-Parma,B/Reggio Emilia 1970/}) 14... Nc5 15. Ne1 Bd7 16. f3 Rfa8 17.
Nb3 b6 18. Qc3 Ba4 19. Nc2 Bxb3 20. axb3 bxa5 21. Ra3 h5 (21... Rb8 $5) 22. h4
(22. Rfa1 $5) 22... Qd8 23. Kh2 Qb8 24. Rb1 Kh7 25. Bh3 g6 26. Bf1 R8a7 27. Be2
Kg7 (27... Rb7 28. b4 axb4 29. Rxb4 $11) 28. Bd1 Rb6 29. Ne3 Rb4 30. Rba1 Qb6
31. Bc2 Rb7 32. Kg2 Nfd7 33. Kf2 (33. Rxa5 Nxb3 34. Ra6 Qd4 35. Qxd4 exd4 36.
Bxb3 dxe3 $17) 33... Kf8 34. R1a2 Ke7 35. Ke2 Nxb3 36. Bxb3 Rxb3 37. Rxb3 Qxb3
38. Qxb3 Rxb3 39. Rxa5 Rb2+ 40. Kf1 Nc5 41. Ra3 $2 (41. Rb5 $142 Ra2 42. Rb1 {
/\Rb1-e1-e2}) 41... Nb3 $17 42. Ra7 Nd2+ 43. Ke2 Nxe4+ 44. Kd1 Nf2+ 45. Kc1
Nd3+ 46. Kd1 Kd7 47. Nc2 f5 48. Ra8 e4 49. f4 (49. fxe4 fxe4 50. Rg8 Ne5 51.
Rg7+ Kc8 $17) 49... Nb4 (49... Nf2+ $5 50. Kc1 Rb3 $19) 50. Ne3 Rf2 51. Rg8 Rf3
52. Ke2 Rxg3 53. Nxf5 Rg2+ 54. Kf1 Rg4 55. Rg7+ Kc8 56. Ne7+ Kb7 57. Nxg6 Nc2
58. c5 Ne3+ (58... dxc5 $2 59. d6 Nd4 60. Rxc7+ Kb8 61. Rg7 e3 62. Rg8+ Kb7 63.
d7 e2+ 64. Kf2 Rg2+ 65. Kxg2 e1=Q 66. d8=Q (66. Rb8+ Ka7 $1) 66... Qe2+ $11)
59. Kf2 Nf5 60. cxd6 Nxd6 (60... Nxg7 $4 61. d7 $18) 61. Ke2 Nf5 62. Rf7 Rg2+
63. Ke1 Nd4 64. Ne5 e3 65. Kf1 e2+ (65... Rf2+ $142 $1 66. Kg1 (66. Ke1 Nc2+
67. Kd1 e2+ $19) 66... Ne2+ 67. Kh1 Nxf4 68. d6 e2 $19) 66. Kxg2 e1=Q 67. d6
Qd2+ 68. Kf1 Qe2+ 69. Kg1 Qd1+ 70. Kg2 Qc2+ 71. Kf1 Qe2+ (71... Qh2 $142 72. d7
Ne2 73. Rg7 (73. d8=Q Ng3+ 74. Ke1 Qe2#) 73... Qxf4+ 74. Ke1 (74. Kxe2 Qxe5+
75. Kd3 Qf6 76. Rf7 Qxh4 $19) 74... Qxe5 75. d8=Q Nf4+ 76. Kd2 Qxg7 $19) 72.
Kg1 Nf3+ 73. Nxf3 Qxf3 74. d7 Qd1+ 75. Kf2 Kb6 76. f5 c5 77. f6 Kc7 78. Re7 (
78. Rg7 Qd4+ 79. Ke2 Qxh4 $19) 78... Qd4+ 79. Ke2 Qxf6 80. d8=Q+ Kxd8 0-1

[Event "POL-ch 58th"]
[Site "Warsaw"]
[Date "2001.03.18"]
[Round "1"]
[White "Kempinski, Robert"]
[Black "Bartel, Mateusz"]
[Result "1-0"]
[WhiteElo "2543"]
[BlackElo "2392"]
[Annotator "Konikowski,J"]
[PlyCount "147"]
[EventDate "2001.03.18"]
[EventType "tourn"]
[EventRounds "13"]
[EventCountry "POL"]
[EventCategory "11"]
[SourceTitle "CBM 082"]
[Source "ChessBase"]
[SourceDate "2001.05.17"]
[SourceVersion "1"]
[SourceVersionDate "2001.05.17"]
[SourceQuality "1"]

1. d4 {Ernst} Nf6 2. c4 e6 3. Nf3 Bb4+ 4. Nbd2 c5 5. dxc5 (5. e3 cxd4 6. exd4
b6 7. Bd3 O-O 8. a3 Be7 9. O-O Bb7 10. b3 d5 11. Re1 dxc4 12. bxc4 Nc6 13. Bb2
Qd6 14. Qe2 Rfd8 15. Rad1 Qf4 16. Ne4 Na5 17. Neg5 Bxf3 18. Nxf3 Bf8 19. Ne5
$16 {Browne,W-Alburt,L/South Bend 1981/}) 5... O-O (5... Bxc5 6. e3 Nc6 7. a3
a5 8. b3 Qe7 9. Bb2 e5 10. Qc2 d6 11. Bd3 Bd7 12. Ne4 Nxe4 13. Bxe4 h6 14. h3
Rb8 15. O-O O-O 16. Bh7+ Kh8 17. Bf5 b5 18. cxb5 Rxb5 19. Nd2 Be6 $11 {
Cherniaev,A-Miezis,N/Port Erin 1998/}) 6. e3 Nc6 7. a3 $146 {[%mdl 8]} (7. Bd3
Bxc5 8. O-O b6 9. a3 Bb7 10. b4 Be7 11. Bb2 d5 12. Qb1 h6 13. Rd1 Qc7 14. Bc3
dxc4 15. Nxc4 Nd5 16. Bb2 Bf6 17. Bxf6 Nxf6 18. Qc2 Rac8 19. Nd6 Nd4 20. Qxc7
Nxf3+ 21. gxf3 Rxc7 $11 {Koutsin,S-Hahn,W/Passau 1997/}) 7... Bxc5 8. b4 Be7 9.
Be2 b6 10. O-O Bb7 11. Bb2 d6 12. Qb3 Qc7 13. Rac1 Rfd8 14. Bc3 {'+/=' Ernst.
Ernst: 'The strategy is similar to corresponding hedhehog positions, and here
white attacks on the queenside. '} Rac8 15. Qb2 Qb8 16. Rfd1 Qa8 17. Bf1 Ne8
18. a4 Bf6 19. a5 {'!?' Ernst.} bxa5 20. b5 Bxc3 (20... Nb8 $5 {/\Nb8-d7}) 21.
Qxc3 Ne7 22. Ra1 Rc7 23. Rxa5 Qb8 24. Rda1 Nc8 25. Nd4 {'!' Ernst. Ernst:
'White aims at the weakness c6.'} Nf6 {Leitet das Manöver Se8-f6-d7-c5 ein.}
26. Be2 Nd7 27. N2b3 Nc5 28. R5a2 e5 29. Nf3 f6 $2 {Ernst: 'Too passive,
better was'} (29... Nxb3 $142 30. Qxb3 Nb6 (30... e4 {Ernst} 31. Nd4 (31. Ne1 {
Ernst} d5 $11) 31... d5 32. Qc3 dxc4 33. Nf5 f6 34. Bxc4+ Kh8 $1 $11 (34... Bd5
$2 {Ernst} 35. Rd2 Rxc4 $2 (35... Nb6 {Ernst} 36. Bxd5+ Rxd5 37. Qb3 Qd8 38.
Rad1 $16) 36. Qxc4 Bxc4 37. Rxd8+ Kf7 38. Rxc8 $18)) 31. Nd2 d5 32. Rxa7 dxc4
$11) 30. Nfd2 Ba8 31. Qc2 g6 32. Nxc5 Rxc5 33. Ne4 (33. Qd3 $5 $16) 33... Bxe4
34. Qxe4 Rd7 ({A more active defence would have been} 34... d5 {Ernst} 35. cxd5
f5 36. Qh4 Qc7 37. e4 $1 (37. Rxa7 {Ernst} Nxa7 38. Rxa7 Qxa7 39. Qxd8+ Kg7 40.
b6 Rc1+ 41. Bf1 Qa1 42. Qe7+ Kh6 43. Qh4+ $11) 37... fxe4 38. Qxe4 Rdxd5 39.
Bc4 Kg7 40. Bxd5 Rc1+ 41. Qe1 Rxe1+ 42. Rxe1 $16) 35. h4 f5 ({Again more
active would have been} 35... d5 {Ernst} 36. cxd5 f5 37. Qb1 (37. Qb4 {Ernst}
Qd6 $1 38. Rd1 (38. Qb3 {Ernst} Qxd5 39. Qxd5+ Rdxd5 $11) 38... Rxd5 39. Qxd6
R5xd6 40. Rxd6 Nxd6 $11) 37... Rdxd5 (37... e4 {Ernst} 38. Qb3 Qd6 39. Rc2 Nb6
40. Rxc5 Qxc5 41. d6+ Kg7 42. Qe6 $16) 38. Rc2 Qc7 39. Rxc5 Rxc5 40. e4 $1 fxe4
(40... f4 {Ernst} 41. Bg4 Nd6 42. Qa2+ Kg7 43. Qxa7 Rc1+ 44. Kh2 Nxb5 45. Qxc7+
Rxc7 46. Ra5 Rb7 47. Bc8 $16) 41. Qxe4 Kg7 42. Ra6 Nb6 43. Bd3 Rc1+ 44. Kh2 Rc5
45. h5 $14) 36. Qf3 Qb7 (36... d5 $142 37. cxd5 e4 38. Qh3 $14) 37. Qg3 $16 (
37. Qxb7 {Ernst: The ending gives white a slight edge.} Rxb7 38. Rd2 Kf8 39.
Kh2 Ke7 (39... Nb6 $2 {Ernst} 40. Rxd6 Nxc4 $2 41. Rc6 $18) 40. Kg3 Rd7 $14)
37... Rg7 38. Rd1 {'+/=' Ernst.} Qc7 39. e4 (39. Rad2 $5) 39... f4 $2 {Ernst:
'Black goes under without a fight.'} (39... fxe4 $142 40. Qe3 Nb6 41. Qxe4 Nxc4
42. Bxc4+ Rxc4 43. Qa8+ Qc8 44. Qd5+ (44. Rxa7 {Ernst} Rxa7 45. Qxa7 Rc1 $11)
44... Kh8 45. Qxd6) 40. Qh3 h5 41. Rad2 {'+/-' Ernst.} (41. Rd5 {Ernst} Rxd5
42. Qe6+ Kh7 43. exd5 Re7 44. Qh3 e4 $132) 41... Qd7 42. Qa3 Qc7 43. Rd5 Kh7
44. Rxc5 dxc5 45. Qd3 {Ernst: 'The d-line is decisive.'} Nb6 46. Qd6 Na4 47.
Qxc7 Rxc7 48. Rd6 Re7 49. Rc6 Kg7 50. Kf1 Kf7 51. Bd1 Nb2 52. Bc2 Rd7 53. Ke2 (
53. Rxc5 $2 Rd2 54. Bb3 Rd3 $11) 53... Kg7 54. Rxc5 {'+-' Ernst. Ernst: 'With
a decisive material and positional advantage.'} Rd4 55. Rc7+ Kf8 56. c5 Nc4 57.
Bd3 Nb2 58. Bc2 $2 {[%mdl 4096]} (58. b6 $142 Nxd3 (58... axb6 59. cxb6 Rxd3
60. b7 Rb3 61. Rc8+ $18) 59. bxa7 Nc1+ 60. Ke1 Nd3+ 61. Kf1 Ra4 62. Rc8+ Ke7
63. a8=Q $18) 58... Nc4 59. Bb3 (59. Kf1 $142 $5 Na3 60. b6 $18) 59... Nd2 (
59... Rxe4+ {Ernst} 60. Kd3 Rd4+ 61. Kc3 Na3 62. Rb7 f3 63. g3 Nb1+ 64. Kb2 $18
) 60. Bf7 Nb1 61. g3 Nc3+ 62. Kf3 Rd3+ 63. Kg2 f3+ 64. Kh2 Nxb5 65. Rb7 Nd4 (
65... Rd2 66. Bxg6 (66. Rxb5 $143 Rxf2+ 67. Kg1 Rg2+ 68. Kf1 Kxf7 $11) 66...
Rxf2+ 67. Kh3 $16) 66. Bxg6 Rd2 67. Bxh5 Rxf2+ 68. Kh3 Ne2 $2 (68... a5 $142)
69. Kg4 {'!' Ernst. Ernst: 'Initiating a mating attack.'} Nd4 70. Kg5 Ra2 71.
Rf7+ (71. Kf6 Ra6+ 72. Kxe5 Nc6+ 73. Kf4 f2 74. Rf7+ Kg8 75. Ke3 $18) 71... Kg8
72. Rf6 Ra3 (72... Ra5 73. c6 Rc5 74. Bf7+ Kf8 (74... Kg7 75. Bd5 $18) 75. Bd5+
Ke7 76. h5 f2 77. Rxf2 Nxc6 78. h6 $18) 73. Kh6 Rc3 (73... f2 74. Rxf2 Ra6+ 75.
Kg5 (75. Bg6 $5) 75... Rc6 76. Bf7+ Kg7 77. h5 $18) 74. Bg6 1-0

[Event "Madrid"]
[Site "Madrid"]
[Date "1996.05.10"]
[Round "3"]
[White "Kortschnoj, Viktor Lvovich"]
[Black "Morozevich, Alexander"]
[Result "0-1"]
[WhiteElo "2645"]
[BlackElo "2625"]
[Annotator "Kortschnoj,V"]
[PlyCount "79"]
[EventDate "1996.05.08"]
[EventType "tourn"]
[EventRounds "9"]
[EventCountry "ESP"]
[EventCategory "17"]
[SourceTitle "CBM 053"]
[Source "ChessBase"]
[SourceDate "1996.08.01"]
[SourceVersion "1"]
[SourceVersionDate "1996.08.01"]
[SourceQuality "1"]

1. d4 Nf6 2. c4 e6 3. Nf3 d5 4. g3 Bb4+ $5 5. Bd2 c5 6. cxd5 exd5 7. Bg2 (7.
Bxb4 cxb4 8. Qa4+ Nc6 9. Ne5 O-O $1 10. Nxc6 bxc6 $44) 7... Nc6 8. O-O O-O 9.
Be3 $6 (9. Bxb4 cxb4 10. Nbd2 Re8 11. Nb3 $14) 9... Re8 10. a3 (10. dxc5 $2
Rxe3 11. fxe3 Ng4 $15) 10... cxd4 11. Bxd4 (11. Nxd4 $5 Rxe3 $1 (11... Bf8 12.
Nc3 $10) 12. axb4 (12. fxe3 Bc5 $15) 12... Re8 13. Nxc6 bxc6 14. Nc3 $10 Rb8
15. b5 d4 16. bxc6 Rxb2 17. Nd5 Nxd5 18. Qxd4) 11... Nxd4 12. Nxd4 Bc5 13. Nc3
Bg4 14. Rc1 Qd6 $1 (14... Bxd4 15. Qxd4 Bxe2 16. Rfe1 Bc4 17. Rxe8+ Qxe8 18.
Bxd5 Nxd5 19. Qxc4 $10) 15. Rc2 Rad8 $15 16. Nb3 (16. Rd2 Qe5 $15) 16... Bb6
17. Na4 h5 $1 (17... Bc7 18. Nac5 $132) 18. Nxb6 Qxb6 19. Nd4 h4 20. gxh4 $2 (
20. Qd2 hxg3 21. hxg3) (20. Qd2 hxg3 21. hxg3 Ne4 22. Qf4 $15) 20... Re4 $3 21.
Bxe4 (21. Rd2 Rxd4 22. Rxd4 Bxe2 $17) 21... dxe4 22. Rc4 $8 (22. Rd2 e3 $1 (
22... Bh3 $2 23. Qb3 $16) 23. fxe3 Ne4 24. Kh1 Qg6 (24... Bh3 25. Rf3 Qg6 26.
Qg1 $16) 25. h5 Qxh5 26. Qe1 Bh3 $19) 22... Rd5 $4 (22... Be6 $142 $1 23. Rb4 (
23. Nxe6 Rxd1 24. Rc8+ Kh7 25. Ng5+ Kg6 26. Rxd1 Qxb2 $17) 23... Qd6 24. Qc1 a5
(24... Ng4 25. f4) (24... Bh3 25. Qg5 $1) 25. Nxe6 axb4 26. Nxd8 Ng4 $1 27. f4
exf3 28. Rf2 Nxf2 29. Kxf2 Qxh2+ 30. Kxf3 Qh3+ 31. Kf2 Qxh4+ $19) 23. Qb3 Qd6
24. Qc3 Bd7 (24... b5 $2 25. Rc6 Qe5 26. Nc2 Qh5 27. Rxf6 $16) 25. Nc2 Bb5 26.
Rc8+ (26. Rd4 $5) 26... Kh7 27. Ne3 Rd2 (27... Bxe2 28. Nxd5 Nxd5 29. Qg3 Nf4
30. Rd8 Qxd8 31. Qxf4 $14) 28. Nc4 Bxc4 29. Rxc4 Rxe2 30. Qg3 Qe6 (30... Qxg3+
31. hxg3 Rxb2 32. Rb4 $16) 31. Rc5 e3 $6 (31... Rxb2 $44) 32. fxe3 Rxe3 (32...
Ne4 $2 33. Qf3 Qg6+ 34. Rg5 $18) 33. Qf4 Kg8 34. Qf5 Qe7 35. Rc8+ Ne8 36. Rfc1
$4 (36. Qg5 Qe6 37. Rc2 $16) 36... Qxh4 37. R8c3 Re2 38. Rh3 Qd4+ 39. Kh1 g6
40. Rg1 $2 (40. Rg1 Qxg1+ 41. Kxg1 gxf5 $19) (40. Qd3 Qxb2 (40... Rxh2+ 41.
Kxh2 Qf4+ 42. Qg3 Qxc1 43. Qc3 $14) 41. Qc3 Qxc3 42. Rhxc3 $10) 0-1

[Event "Volgograd"]
[Site "Volgograd"]
[Date "1994.??.??"]
[Round "5"]
[White "Savon, Vladimir A"]
[Black "Kholmov, Ratmir D"]
[Result "1-0"]
[WhiteElo "2435"]
[BlackElo "2450"]
[Annotator "Kortschnoj,V"]
[PlyCount "71"]
[EventDate "1994.??.??"]
[EventType "tourn"]
[EventRounds "13"]
[EventCountry "NED"]
[EventCategory "8"]
[SourceTitle "CBM 041"]
[Source "ChessBase"]
[SourceDate "1994.08.01"]
[SourceVersion "1"]
[SourceVersionDate "1994.08.01"]
[SourceQuality "1"]

1. d4 Nf6 2. c4 e6 3. Nf3 Bb4+ 4. Bd2 a5 5. Nc3 O-O $6 (5... d6) 6. Bg5 $1 $14
d6 7. e3 Nbd7 8. Qc2 Re8 9. Bd3 h6 10. Bh4 e5 11. Bh7+ Kh8 12. Bf5 exd4 13.
Nxd4 Ne5 (13... Nc5 $5) 14. O-O Bxc3 15. Qxc3 c5 $1 (15... Bxf5 16. Nxf5 Ng6 $2
17. Nxh6 $18) 16. Bxc8 cxd4 17. exd4 Rxc8 18. dxe5 dxe5 19. Rad1 Qe7 20. Rfe1
Qe6 21. b3 b6 (21... a4 22. Qb4 $16) 22. Bxf6 $1 Qxf6 23. g3 Qe6 24. Qe3 a4 25.
Rd5 $16 axb3 26. axb3 f6 27. Red1 Rc6 28. h4 f5 $6 (28... h5 $5) 29. Rd8 Kh7
30. Qf3 Rxd8 31. Rxd8 Qf6 $2 (31... Rc8 32. Rxc8 Qxc8 33. Qd5 $16) 32. Qd5 Kg6
33. Re8 e4 34. g4 Rc5 35. gxf5+ Kh5 $2 (35... Qxf5 36. Re6+ Kh5 37. Qxf5+ Rxf5
38. Rxb6 Kxh4 39. Re6 $16) 36. Qd1+ 1-0